000 01214nam a2200289 4500
001 0000018604
003 CO-CtgCURN
005 20250331184448.0
007 ta
008 160627s2001 000 0 eng d
020 _a9586903087
040 _aCO-CtgCURN
_bspa
_ccoctgcurn
082 0 _a347.016
_bV17p
100 1 _aVargas Otalora, Nicolas.
245 1 0 _aProcedimiento notarial y registral /
_cNicolas Vargas Otalora.
250 _a9a ed.
260 _aBogotá :
_bLeyer,
_c2001.
300 _axvi, 630 p.
336 _2rdacontent
337 _2rdamedia
_asin mediacion
_bn
338 _2rdacarrier
_avolumen
_bnc
505 8 _aFuncion, ejercicio y organizacion notarial.--Desarrollo de la funcion notarial en materia de bienes inmuebles.--Registro de instrumentos publicos.--Intervencion notarial en sociedades comerciales.--Los procesos notariales.--Separacion de bienes.--Declaraciones extraprocesales.--Insinuacion de donaciones.--Liquidacion de herencias.--Registro del estado civil de las personas
650 1 4 _aDerecho notarial
_vLegislacion
_zColombia.
908 _a160627
942 _cBK
_h347.016
_iV17p
_2ddc
999 _c20369
_d20369